00727nam a2200205 i 450000100060000000300090000600500170001500700030003200800410003510000330007624500510010925000870016026000340024730000280028149000430030965100540035270000470040683000430045385200250049684104ES-MaACL20251007173343.0t|041119s1908 sp ||||1| spa d0 aJaime bI cRey de Aragón.10aLibre de Saviesa del Rey En Jacme I d'Aragó. a1ª ed. feta estampar ab un Estudi preliminar per En Gabriel Llabrés y Quintana. aSantander : b[s.n.], c1908. aXLVII, 93 p. ; c16 cm.1 aDe la "Biblioteca Catalana" Segle XIII 4aAragón (Reino)-xHistoria-y1213-1276, Jaime I.1 aLlabrés y Quintana, Gabriel, d1858-19290 aDe la "Biblioteca Catalana" Segle XIII aES-MaACLjT-1147-F-3